Operateurs pseudo-differentiels sur une variete differentiable et calcul symbolique
Furkejuvvon:
| Váldodahkki: | |
|---|---|
| Materiálatiipa: | Girji |
| Giella: | fránskkagiella |
| Almmustuhtton: |
Valparaíso
Universidad Católica de Valparaíso
1970
|
| Fáttát: | |
| Fáddágilkorat: |
Lasit fáddágilkoriid
Eai fáddágilkorat, Lasit vuosttaš fáddágilkora!
|
MARC
| LEADER | 00000nam a2200000 a 4500 | ||
|---|---|---|---|
| 001 | UCP2650 | ||
| 003 | CL-VaPUC | ||
| 008 | 990520e19700000CL |||||||||||||||||fre|d | ||
| 082 | 0 | 4 | |a 516.36 |b BOK |2 21 |
| 100 | 0 | |a Bokobza, Juliane |e author |9 429552 | |
| 245 | 1 | 0 | |a Operateurs pseudo-differentiels sur une variete differentiable et calcul symbolique |
| 300 | |a 38 p | ||
| 942 | |c BK | ||
| 945 | |d 19990520 00:00:00 |a crobeson | ||
| 260 | |a Valparaíso |b Universidad Católica de Valparaíso |c 1970 | ||
| 650 | 0 | |a Variedades diferenciales |9 270032 | |
| 650 | 7 | |a GEOMETRIA DUFERENCIAL |2 CL-VaPUC |9 429553 | |
| 583 | |a last modification |c 19990520 00:00:00 |k Rodrigo Vera | ||
| 999 | |c 281158 |d 281156 | ||
| 952 | |0 0 |1 0 |4 0 |6 516_360000000000000_BOK_1970 |7 0 |8 A |9 321827 |a BIBMAT |b BIBMAT |d 2019-11-20 |i 1346547 |o 516.36 BOK 1970 |p 1346547 |r 2025-01-07 |w 2019-11-20 |y BK |k MAT | ||